DLR - Docklands Light Railway Stations - Statistics

General Stats
  • This quiz has been taken 1,436 times
    163 since last reset
  • The average score is 31 of 46
Answer Stats
Main Branch % Correct
Bank
100%
Stratford
94%
Lewisham
91%
Tower Gateway
91%
Canary Wharf
89%
Limehouse
83%
Stratford International
83%
Woolwich Arsenal
83%
Beckton
81%
East India
77%
Poplar
77%
Poplar
77%
Shadwell
77%
Custom House for ExCeL
76%
London City Airport
76%
Greenwich
74%
Cutty Sark for Maritime Greenwich
73%
West India Quay
73%
Mudchute
71%
Canning Town
70%
King George V
69%
Stratford High Street
69%
Heron Quays
66%
Cyprus
64%
Island Gardens
64%
Pudding Mill Lane
63%
Deptford Bridge
61%
Royal Albert
61%
Royal Victoria
60%
South Quay
60%
West Ham
60%
Abbey Road
59%
Beckton Park
59%
Westferry
59%
Elverson Road
56%
Crossharbour
54%
Gallions Reach
54%
Pontoon Dock
54%
Prince Regent
54%
Star Lane
54%
West Silvertown
53%
All Saints
51%
Blackwall
51%
Bow Church
51%
Devons Road
46%
Langdon Park
44%
No matching quizzes found
Score Distribution
Percent of People with Each Score
Percentile by Number Answered
Your Score History
You have not taken this quiz since the last reset